000 00955cam a22001935a 4500
001 L140823
008 071015s1937 xxk eng u
035 _a(Sirsi) u140823
041 0 _aeng
110 2 _aB. L. Wells and Son
_95387
245 0 0 _aCity of Hull, Anlaby Road
_bparticulars and plans of the very important and extensive central freehold building site together with four shops and six dwellinghouses known as 'The Trinity Almshouses' nos. 7-12 (inclusive) Trinity Square and nos. 1, 3, 5 and 7 Anlaby Road...B. L. Wells and Son, F.A.I. will offer the above for sale by auction (as a whole or in two lots) at their Victoria Mart, Manor Street, Hull on Wednesday 22 September 1937...
260 _aS.l.
_bs.n.
_c1937
300 _a[12] p.
_bill., maps, col.
_c26 cm.
340 _aPrinted
351 _cSingle item
651 4 _aHull
690 _aPROPERTY-PROPERTY ACQUISITION AND DISPOSAL-ACQUISITION AND DISPOSAL AT AUCTION
942 _n0
999 _c116493
_d116493